Gente de tufos (Record no. 94259)
[ view plain ]
| 000 -LEADER | |
|---|---|
| campo de control de longitud fija | 01370nam a2200301 i 4500 |
| 001 - NÚMERO DE CONTROL | |
| campo de control | 94259 |
| 003 - IDENTIFICADOR DE NÚMERO DE CONTROL | |
| campo de control | ES-MaACL |
| 005 - FECHA Y HORA DE LA ÚLTIMA TRANSACCIÓN | |
| campo de control | 20251112163755.0 |
| 007 - CAMPO FIJO DE DESCRIPCIÓN FÍSICA--INFORMACIÓN GENERAL | |
| campo de control de longitud fija | t| |
| 008 - DATOS DE LONGITUD FIJA--INFORMACIÓN GENERAL | |
| campo de control de longitud fija | 050427s1905 sp ||||1| spa d |
| 100 1# - ENTRADA PRINCIPAL--NOMBRE DE PERSONA | |
| Nombre de persona | López Silva, José, |
| Fechas asociadas al nombre | 1861-1925 |
| 9 (RLIN) | 73986 |
| 245 10 - MENCIÓN DEL TÍTULO | |
| Título | Gente de tufos |
| Resto del título | : colección de poesías / |
| Mención de responsabilidad, etc. | José López Silva; con un prólogo de D. Vicente Blasco Ibañez ; ilustraciones de Huertas, Sileno, Sancha, Saint-Aubín, Bermejo, Amalio Fernández, Cilla y Xaudaró. |
| 260 ## - PUBLICACIÓN, DISTRIBUCIÓN, ETC. | |
| Lugar de publicación, distribución, etc. | Madrid : |
| Nombre del editor, distribuidor, etc. | Librería de Fernando Fe, |
| Fecha de publicación, distribución, etc. | 1905 ( |
| Fabricante | Tip. de la Rev. de Archivos, Bibliotecas y Museos.) |
| 300 ## - DESCRIPCIÓN FÍSICA | |
| Extensión | 243 p. : |
| Otras características físicas | il. ; |
| Dimensiones | 19 cm. |
| 530 ## - NOTA DISPONIBLE DE FORMULARIO FÍSICO ADICIONAL | |
| Nota de formato físico adicional disponible | Disponible en formato digital. |
| 700 1# - ENTRADA AGREGADA--NOMBRE PERSONAL | |
| Nombre de persona | Blasco Ibáñez, Vicente, |
| Fechas asociadas al nombre | 1867-1928 |
| 9 (RLIN) | 29388 |
| 700 1# - ENTRADA AGREGADA--NOMBRE PERSONAL | |
| Nombre de persona | Díaz Huertas, |
| Fechas asociadas al nombre | 1866-1937 |
| 9 (RLIN) | 171328 |
| 700 0# - ENTRADA AGREGADA--NOMBRE PERSONAL | |
| Nombre de persona | Sileno, |
| Fechas asociadas al nombre | 1869-1945 |
| 9 (RLIN) | 168967 |
| 700 1# - ENTRADA AGREGADA--NOMBRE PERSONAL | |
| Nombre de persona | Sancha Lengo, Francisco, |
| Fechas asociadas al nombre | 1874-1936 |
| 9 (RLIN) | 151524 |
| 700 1# - ENTRADA AGREGADA--NOMBRE PERSONAL | |
| Nombre de persona | Fernández, Amalio ( |
| Fechas asociadas al nombre | 1859-1928) |
| 9 (RLIN) | 171329 |
| 700 1# - ENTRADA AGREGADA--NOMBRE PERSONAL | |
| Nombre de persona | Cilla Pérez, Ramón, |
| Fechas asociadas al nombre | 1859-1937 |
| 9 (RLIN) | 38822 |
| 700 1# - ENTRADA AGREGADA--NOMBRE PERSONAL | |
| Nombre de persona | Xaudaró, Joaquín, |
| Fechas asociadas al nombre | 1872-1933 |
| 9 (RLIN) | 117497 |
| 852 ## - LOCALIZACIÓN | |
| Ubicación | ES-MaACL |
| Número de control de estantería | D-912 |
| Ubicación en estantería | Sala Valle Inclán |
| 856 4# - LOCALIZACIÓN Y ACCESO ELECTRÓNICOS | |
| Identificador Uniforme de Recursos | <a href="http://bdh-rd.bne.es/viewer.vm?id=0000242924&page=1 ">http://bdh-rd.bne.es/viewer.vm?id=0000242924&page=1 </a> |
| Texto de enlace | Biblioteca Digital Hispánica |
| 856 ## - LOCALIZACIÓN Y ACCESO ELECTRÓNICOS | |
| Identificador Uniforme de Recursos | <a href="https://archive.org/details/gentedetufoscol00silvgoog/page/n9/mode/2up">https://archive.org/details/gentedetufoscol00silvgoog/page/n9/mode/2up</a> |
| Nota pública | Internet Archive |
| 942 ## - ELEMENTOS DE ENTRADA SECUNDARIOS (KOHA) | |
| Fuente del sistema de clasificación o colocación | Clasificación decimal universal |
| Estatus retirado | Estado de pérdida | Estado de daño | No para préstamo | Colección | Biblioteca de origen | Biblioteca actual | Ubicación en estantería | Fecha de adquisición | Fuente de adquisición | Total de préstamos | Signatura topográfica completa | Código de barras | Visto por última vez | Precio de reemplazo | Tipo de ítem Koha |
|---|---|---|---|---|---|---|---|---|---|---|---|---|---|---|---|
| Colección digital | Biblioteca del Ateneo de Madrid | Biblioteca del Ateneo de Madrid | Sala Valle Inclán | 17/01/2008 | D-912 | 901098448 | 23/02/2023 | 23/02/2023 | Libro impreso |
